[Event "ESP-ch U18"]
[Site "Salobrena"]
[Date "2021.07.26"]
[Round "1"]
[White "Palau Barrutet, Vinyet"]
[Black "Rodriguez Redondo, Adhara"]
[Result "0-1"]
[WhiteElo "1723"]
[BlackElo "2138"]
[PlyCount "59"]
[EventDate "2021.07.26"]
[EventType "swiss"]
[EventRounds "9"]
[EventCountry "ESP"]
[SourceTitle "CBM 203 Extra"]
[Source "ChessBase"]
[SourceDate "2021.09.30"]
[SourceVersion "1"]
[SourceVersionDate "2021.09.30"]
[SourceQuality "1"]

1. e4 e5 2. Nf3 Nc6 3. Bc4 Bc5 4. c3 Nf6 5. d3 a6 6. a4 d6 7. b4 Ba7 8. Qb3 0-0 9. h3 Ne7 10. 0-0 c6 11. Qc2 Ng6 12. Bb3 h6 13. d4 Nh5 14. Rd1 Qf6 15. Qd3 Ngf4 16. Bxf4 Nxf4 17. Qe3 Qg6 18. Nh4 Qg5 19. g3 Nxh3+ 20. Kh2 Qxe3 21. fxe3 Nf2 22. Re1 Nxe4 23. Nf3 Bg4 24. Kg2 Rae8 25. Nfd2 exd4 26. cxd4 Ng5 27. Nc3 Re7 28. Nf1 Rfe8 29. Nd1 Nf3 30. Re2 0-1

[Event "Lleida Regional-ch"]
[Site "Lleida"]
[Date "2019.12.01"]
[Round "7"]
[White "Pique Safont, Joan Manel"]
[Black "Palau Barrutet, Vinyet"]
[Result "1-0"]
[WhiteElo "1942"]
[BlackElo "1909"]
[PlyCount "79"]
[EventDate "2019.10.13"]
[EventType "swiss"]
[EventRounds "9"]
[EventCountry "ESP"]
[SourceTitle "CBM 193 Extra"]
[Source "ChessBase"]
[SourceDate "2020.01.31"]
[SourceVersion "1"]
[SourceVersionDate "2020.01.31"]
[SourceQuality "1"]

1. d4 d5 2. Bf4 Nf6 3. e3 e6 4. Nd2 c5 5. c3 Nc6 6. Ngf3 Be7 7. Bd3 0-0 8. h3 b6 9. Ne5 Bb7 10. Nxc6 Bxc6 11. Qf3 Kh8 12. h4 h5 13. 0-0-0 a5 14. Be5 Ng4 15. Qe2 f5 16. Nf3 Bf6 17. Bxf6 Qxf6 18. Ne5 Be8 19. f4 c4 20. Bc2 b5 21. Qd2 g6 22. Nxg4 hxg4 23. Kb1 Qe7 24. Rc1 Rb8 25. b4 cxb3 26. axb3 b4 27. c4 dxc4 28. bxc4 b3 29. Bd3 a4 30. Qc3 Kg8 31. c5 Bc6 32. h5 gxh5 33. Rxh5 Bd5 34. Rch1 Qf6 35. Rg5+ Kf7 36. Rh7+ Ke8 37. Qa5 Rh8 38. Qc7 Ra8 39. Bb5+ Kf8 40. Qd6+ 1-0

[Event "Lleida-ch"]
[Site "Almenar"]
[Date "2018.10.21"]
[Round "3"]
[White "Esparbe Grau, Jaime"]
[Black "Palau Barrutet, Vinyet"]
[Result "1/2-1/2"]
[WhiteElo "1763"]
[BlackElo "1836"]
[PlyCount "132"]
[EventDate "2018.09.30"]
[EventType "swiss"]
[EventRounds "9"]
[EventCountry "ESP"]
[SourceTitle "CBM 187 Extra"]
[Source "ChessBase"]
[SourceDate "2018.11.04"]
[SourceVersion "1"]
[SourceVersionDate "2018.11.04"]
[SourceQuality "1"]

1. d4 d5 2. c4 e6 3. Nc3 Nf6 4. Bg5 Be7 5. Nf3 c6 6. e3 Nbd7 7. Bd3 dxc4 8. Bxc4 b5 9. Bd3 a6 10. 0-0 0-0 11. Ne4 Nxe4 12. Bxe7 Qxe7 13. Bxe4 Bb7 14. Rc1 Rac8 15. Ne5 Nxe5 16. dxe5 Rfd8 17. Qc2 h6 18. Rfd1 Rc7 19. Rxd8+ Qxd8 20. Rd1 Rd7 21. Rxd7 Qxd7 22. g3 f6 23. exf6 gxf6 24. b4 f5 25. Bg2 Kf7 26. Qc5 Qd1+ 27. Bf1 Qd5 28. Qxd5 exd5 29. f4 Ke6 30. Kf2 Kd6 31. Ke2 c5 32. a3 d4 33. exd4 c4 34. Kd2 Be4 35. Kc3 Bf3 36. Bh3 Ke6 37. Kd2 Be4 38. Ke3 c3 39. g4 c2 40. Kd2 fxg4 41. Bxg4+ Kd5 42. Bc8 Kxd4 43. Bxa6 Bc6 44. Bc8 Be4 45. Bd7 Bd3 46. a4 bxa4 47. Bxa4 c1Q+ 48. Kxc1 Kc4 49. Bc2 Bf1 50. Kd2 Kxb4 51. Bd3 Bh3 52. Ke3 Kc5 53. Ke4 Kd6 54. f5 Ke7 55. Ke5 Bxf5 56. Bxf5 Kf7 57. h4 h5 58. Bd3 Kg7 59. Kf5 Kh8 60. Kg5 Kg7 61. Kxh5 Kh8 62. Kg6 Kg8 63. h5 Kh8 64. h6 Kg8 65. h7+ Kh8 66. Kg5 Kg7 1/2-1/2

[Event "Catalunya-ch (Women)"]
[Site "Amposta"]
[Date "2016.03.28"]
[Round "5"]
[White "Martin Dinares, Sonia"]
[Black "Palau Barrutet, Vinyet"]
[Result "1-0"]
[WhiteElo "1766"]
[BlackElo "1226"]
[PlyCount "55"]
[EventDate "2016.03.25"]
[EventType "swiss"]
[EventRounds "5"]
[EventCountry "ESP"]
[SourceTitle "CBM 171 Extra"]
[Source "ChessBase"]
[SourceDate "2016.04.26"]
[SourceVersion "1"]
[SourceVersionDate "2016.04.26"]
[SourceQuality "1"]

1. c4 c5 2. Nc3 Nc6 3. g3 g6 4. Bg2 Bg7 5. e3 e6 6. Nge2 Nge7 7. 0-0 0-0 8. d4 cxd4 9. Nxd4 Nxd4 10. exd4 d5 11. cxd5 exd5 12. Qb3 Nc6 13. Qxd5 Be6 14. Qxd8 Raxd8 15. d5 Bxc3 16. dxc6 Be5 17. cxb7 Bd5 18. Re1 Bxg2 19. Kxg2 Bd6 20. Bh6 Rfe8 21. Rad1 Rxe1 22. Rxe1 Rb8 23. Rc1 f6 24. Rc8+ Kf7 25. Rxb8 Bxb8 26. Bf4 Bxf4 27. gxf4 Ke7 28. b8Q 1-0

[Event "Catalunya-ch (Women)"]
[Site "Amposta"]
[Date "2016.03.25"]
[Round "1"]
[White "Riera Morilla, Elizabeth"]
[Black "Palau Barrutet, Vinyet"]
[Result "1-0"]
[WhiteElo "1960"]
[BlackElo "1226"]
[PlyCount "47"]
[EventDate "2016.03.25"]
[EventType "swiss"]
[EventRounds "5"]
[EventCountry "ESP"]
[SourceTitle "CBM 171 Extra"]
[Source "ChessBase"]
[SourceDate "2016.04.26"]
[SourceVersion "1"]
[SourceVersionDate "2016.04.26"]
[SourceQuality "1"]

1. e4 e5 2. Nf3 Nc6 3. Bb5 a6 4. Ba4 Nf6 5. 0-0 Be7 6. d3 b5 7. Bb3 d6 8. c3 0-0 9. Re1 Bg4 10. h3 Bh5 11. Nbd2 Na5 12. Bc2 c5 13. Nf1 Ne8 14. g4 Bg6 15. Ne3 f6 16. a4 Qc7 17. Nd5 Qd8 18. axb5 Nb7 19. bxa6 Na5 20. Nxe7+ Qxe7 21. Rxa5 Nc7 22. Bb3+ Bf7 23. Bxf7+ Qxf7 24. Qa4 1-0